000
00328nam a2200145Ia 4500
003
LK-CoDNM
008
010623t2000 xxu||||| |||| 00| 1 fra d
040
_a
LK-CoDNM
_d
LK-CoDNM
_e
LK-CoDNM
041
_a
fra
080
_a
69
245
_a
Icom Nathist : Lyon
260
_b
ICOM
_c
2000
300
_b
78p,pl., 30 cm
942
_c
BK
999
_c
120070
_d
120070